| 000 | 00746cam a2200205 4500500 | ||
|---|---|---|---|
| 005 | 20260111080335.0 | ||
| 041 | _afre | ||
| 042 | _adc | ||
| 100 | 1 | 0 |
_aEcalle, François _eauthor |
| 245 | 0 | 0 | _aLes institutions financières indépendantes : quels modèles ? quels impacts ? |
| 260 | _c2019. | ||
| 500 | _a62 | ||
| 690 | _acomités budgétaires | ||
| 690 | _aHaut conseil des finances | ||
| 690 | _ainstitutions budgétaires indépendantes | ||
| 690 | _ainstitutions financières indépendantes | ||
| 690 | _aTSCG | ||
| 786 | 0 | _nGestion & Finances Publiques | 4 | 4 | 2019-09-13 | p. 74-77 | 1969-1009 | |
| 856 | 4 | 1 | _uhttps://droit.cairn.info/revue-gestion-et-finances-publiques-2019-4-page-74?lang=fr&redirect-ssocas=7080 |
| 999 |
_c1616186 _d1616186 |
||